000 00885nam a22002537a 4500
999 _c134464
_d134464
003 dpl
005 20181109143722.0
008 161214b xxu||||| |||| 00| 0 eng d
010 _aB-276936, B-284855
020 _c00.00
_a9781403144256
035 _aB-276936, B-284855
037 _bCen Lib/Ret
040 _aDPL
_bEN
_cTIT
082 _a299.936
_bHUB
100 _aHubbard, L. Ron
_940800
245 _aThe problems of work :
_cby L. Ron Hubbard
_bScientology applied to the workaday world /
260 _aCalifornia
_bBridge Publications, Inc.
_c2007
270 _bCalifornia
_a4751 founttain avenue, lose angeles
_e90029
300 _av, 197p.:
_c23cm(Hb)
_bill.
500 _aIncludes appendix, glossary, bibliographical reference and index
650 _aScientology
_940801
650 _aJob satisfaction
_917375
942 _2ddc
_cEN
_h299.936
_mHUB